000 00447nam a22001337a 4500
040 _cNUST
082 _a200 THE
100 _aAnnam Farid
_990847
110 _a Supervisor Dr. Farhan Hussain
245 _aTH-SOF-1982-Classification and Detection of Vehicles in Images and Videos by Employing Transfer Learning on YOLO Algorithm
260 _aISLAMABAD:
_bNUST COLLEGE OF EME,
_c2022.
650 _aMS-COMPUTER ENGINEERING-18
942 _2ddc
_cTHE
999 _c589060
_d589060